000 00885nam a2200253Ia 4500
003 OSt
005 20220923211250.0
006 a|||||r|||| 00| 0
007 ta
008 Pun
020 _a9788178564586 (hbk)
_c250
024 _a290,303
037 _b1012, 24/02/2016, H.K. Prakashan
_cTextual
040 _aARTS
_cARTS
_bPun
041 _2Pun
_aPun
082 _aO153,1NJA:g, Q6
100 _aਸਿੰਘ, ਬ੍ਰਹਮਜਗਦੀF
_9160101
245 0 _aਡਾ ਜਗਤਾਰ
_b ਕਾਵਿ ਸੰਵੇਦਨਾ
260 _aਅੰਮ੍ਰਿਤਸਰ
_b ਵਾਰਿਸ Fਾਹ ਖ਼ਾਉ੍ਵਡੇFਨ
_c2016
300 _a160ਪੰ
_ccm.
650 _aਭੱਜ਼ਾਂਸ਼. ਸਾਂFੲਛ
942 _hO153,1NJA:g, Q6
_cTEXL
_2CC
999 _c297929
_d297929